书目信息 |
| 题名: |
标准80C51单片机基础教程
|
|
| 作者: | 李学海著 | |
| 分册: | ||
| 出版信息: | 北京 北京航空航天大学出版社 2006.08 |
|
| 页数: | 10,348页 | |
| 开本: | 26cm | |
| 丛书名: | 51族系单片机丛书 | |
| 单 册: | ||
| 中图分类: | TP368.1 | |
| 科图分类: | ||
| 主题词: | 单片微型计算机-高等学校 | |
| 电子资源: | ||
| ISBN: | 7-81077-574-X | |
| 000 | 00832nam0 2200241 45 | |
| 001 | 010457687306 | |
| 005 | 20070607102813.36 | |
| 010 | @a7-81077-574-X@dCNY29.00 | |
| 100 | @a20061027d2006 ekmy0 y0120 ea | |
| 102 | @aCN@b110000 | |
| 105 | @ay z 000yy | |
| 200 | 1 | @a标准80C51单片机基础教程@e原理篇@f李学海著 |
| 210 | @a北京@c北京航空航天大学出版社@d2006.08 | |
| 215 | @a10,348页@c图@d26cm | |
| 225 | 2 | @a51族系单片机丛书 |
| 300 | @a高等院校通用教材 | |
| 330 | @a本书内容主要包括:硬件结构、ROM、RAM、指令系统、汇编程序基础和汇编语言工具链、并行端口、定时器、中断逻辑、复位逻辑、时钟电路、电源电路等功能电路的结构和工作原理,以及片内程序存储器编程原理。 | |
| 606 | 1 | @a单片微型计算机-高等学校 |
| 690 | @aTP368.1@v4 | |
| 701 | 0 | @a李学海著 |
| 801 | 0 | @aCN@c20070607 |
| 905 | @dTP368.1@eL3024 | |
| 906 | @dCNY29.00@n2@r1 | |
| 标准80C51单片机基础教程:原理篇/李学海著.-北京:北京航空航天大学出版社,2006.08 |
| 10,348页:图;26cm.-(51族系单片机丛书) |
| 高等院校通用教材 |
| ISBN 7-81077-574-X:CNY29.00 |
| 本书内容主要包括:硬件结构、ROM、RAM、指令系统、汇编程序基础和汇编语言工具链、并行端口、定时器、中断逻辑、复位逻辑、时钟电路、电源电路等功能电路的结构和工作原理,以及片内程序存储器编程原理。 |
| ● |
| 相关链接 |
|
|
|
正题名:标准80C51单片机基础教程
索取号:TP368.1/L3024
 
预约/预借
| 序号 | 登录号 | 条形码 | 馆藏地/架位号 | 状态 | 备注 |
| 1 | 231979 | 202319794 | 自科库301/301自科库 62排7列3层/ [索取号:TP368.1/L3024] | 在馆 | |
| 2 | 231980 | 202319801 | 自科库301/301自科库 62排7列3层/ [索取号:TP368.1/L3024] | 在馆 |